LIBRARY & INFORMATION CENTRE, KCAET, TAVANUR

ONLINE PUBLIC ACCESS CATALOGUE (OPAC)

Mini-micro CDS/ISIS 3.08 reference manual / (Record no. 395)

MARC details
000 -LEADER
fixed length control field 00476cam a2200181ua 4500
003 - CONTROL NUMBER IDENTIFIER
control field OSt
008 - FIXED-LENGTH DATA ELEMENTS--GENERAL INFORMATION
fixed length control field 260213b |||||||| |||| 00| 0 eng d
041 ## - LANGUAGE CODE
Language code of text/sound track or separate title eng
082 ## - DEWEY DECIMAL CLASSIFICATION NUMBER
Classification number 028.72
Item number UNE/MI
245 ## - TITLE STATEMENT
Title Mini-micro CDS/ISIS 3.08 reference manual /
260 ## - PUBLICATION, DISTRIBUTION, ETC. (IMPRINT)
Place of publication Geneva :
Name of publisher UNESCO ,
Year of publication 1999.
300 ## - PHYSICAL DESCRIPTION
Number of Pages 348 ; .
650 ## - SUBJECT ADDED ENTRY--TOPICAL TERM
Topical Term Computer Software
650 ## - SUBJECT ADDED ENTRY--TOPICAL TERM
Topical Term Library Science Automation
650 ## - SUBJECT ADDED ENTRY--TOPICAL TERM
Topical Term Reference Manual
942 ## - ADDED ENTRY ELEMENTS (KOHA)
Koha item type Books
Holdings
Withdrawn status Lost status Damaged status Home library Current library Date acquired Full call number Accession Number Koha item type
      KAUAET KAUAET 07/04/2012 028.72 20300 Reference
free website counter